000
00334nam a2200157Ia 4500
100
_a
Gerrard/Peter
650
_a
General
942
_c
BK
654
_a
sprites
245
_a
Sprites and sound on the 64
260
_b
Gerald Duckworth
_a
London
_c
1984
082
_a
1.6443
_b
GER
300
_a
255
546
_a
ENGLISH
999
_c
34625
_d
34625